| 000 | 00435nam a2200169Ia 4500 | ||
|---|---|---|---|
| 003 | LK-CoDNM | ||
| 005 | 20240730122910.0 | ||
| 008 | 010623t1946 xxu||||| |||| 00| 1 eng d | ||
| 040 |
_aLK-CoDNM _dLK-CoDNM _eLK-CoDNM |
||
| 041 | _aeng | ||
| 080 |
_a8 _bHH43 |
||
| 100 | _aHivale,Shamro. | ||
| 245 | _aThe Pardhans of the Upper Narbada Valley | ||
| 260 |
_bOxford _aLondon _c1946 |
||
| 300 | _bxvi, 230p. : ill ; 21 cm | ||
| 942 | _cBK | ||
| 999 |
_c100767 _d100767 |
||